=LDR 00000nam 2200000 4500 =001 INLIS000000000020920 =005 20130612115828 =008 ***********************************Ind** =035 ##$$0010-061300000020920 =041 ##$$a Ind =082 ##$$a 375 =090 ##$$a 375, Tar d =100 ##$$a Tarigan, Hendry Guntur =245 ##$$a Dasar-dasar kurikulum bahasa =260 ##$$a 1993 $b Bandung =300 ##$$a xi, 193 hlm, ilus, 21 cm =650 ##$$a Kurikulum bahasa =850 ##$$a NBPNMAT